00362 2200145 4500245005000000020002200050250001000072100001600082005001900098260003300117041001400150084001100164300003200175336000900207 aBerdamai Dengan Rasa CemascSabrina ArahText a978-623-5269-02-3 aCet.2 aSabrina Ara a20241014104726 aSemarangbSendangmulyoc2024 aIndonesia a155.25 avi + 210 hlm :cillus 20 cm atext